00605cam a22001813a 450000100060000000300060000600500170001200800410002904000150007004200070008510000380009224501430013026000290027350600300030251600200033283000290035285600420038138556PGUSA20140828083842.0120112s2012||||xxu|||||s|||||000 | eng d aPGUSAbeng adc1 aThwaites, Reuben Gold,d1853-191310aHistoric Waterways—Six Hundred Miles of Canoeing Down the Rock, Fox, and Wisconsin Riversh[electronic resource] /cReuben Gold Thwaites bProject Gutenberg,c2012 aPublic domain in the USA. aElectronic text 0aProject Gutenbergv3855640uhttp://www.gutenberg.org/ebooks/38556